000 01229cam a2200217 i 4500
005 20251120121627.0
008 250721s2002 su gr 000 0 ara d
082 1 4 _a211.18
_bس ي و
100 1 _aالسيوطي، جلال الدين أبو الفضل عبد الرحمن
_eمؤلف.
245 1 0 _aعلم المناسبات في السور و الآيات،
_bويليه، مراصد المطالع في تناسب المقاطع والمطالع /
_cللشيخ الإمام جلال الدين أبو الفضل عبد الرحمن السيوطي الشافعي. ؛ تحقيق د. محمد بن عمر بن سالم بازمول.
246 1 0 _aويليه، مراصد المطالع في تناسب المقاطع والمطالع للشيخ الإمام جلال الدين أبو الفضل عبد الرحمن السيوطي الشافعي.
264 3 1 _aمكة المكرمة :
_bالمكتبة المكية،
_c2002.
300 _a207 صفحة.
650 1 7 _aسور القرآن.
650 1 7 _aالقرآن الكريم.
650 1 7 _aالمناسبات.
650 1 7 _aآيات القرآن.
700 1 _aبازمول، محمد بن عمر
_eمحقق.
942 _2ddc
_cBK
999 _c33832
_d33832